000 01051cam a2200313 a 4500
001 15636065
003 OSt
005 20181109160157.0
008 090224s2010 maua b 001 0 eng
010 _a 2009923663
020 _a9780547191041 (alk. paper)
020 _a0547191049 (alk. paper)
040 _aDLC
_cDLC
_dDLC
050 0 0 _aPE1408
_b.V45 2010
100 1 _aVeit, Richard.
245 1 0 _aWriting, reading, and research /
_cRichard Veit, Christopher Gould.
250 _a8th ed.
260 _aBoston, MA :
_bCengage Learning,
_cc2010
300 _axvii, 600, [5] p. :
_bill. ;
_ccm.
504 _aIncludes bibliographical references and index.
650 0 _aEnglish language
_xRhetoric.
650 0 _aResearch
_xMethodology.
650 0 _aAcademic writing.
650 0 _aCollege readers.
700 1 _aGould, Christopher,
_d1947-
906 _a7
_bcbc
_corignew
_d2
_eepcn
_f20
_gy-gencatlg
942 _2lcc
_cBK
999 _c53797
_d53797